Memoria de El Colegio Nacional : 1998 /
Spremljeno u:
| Autor kompanije: | |
|---|---|
| Format: | Knjiga |
| Jezik: | španjolski |
| Izdano: |
México :
El Colegio Nacional,
1998, c1998
|
| Teme: | |
| Oznake: |
Bez oznaka, Budi prvi tko označuje ovaj zapis!
|
MARC
| LEADER | 00000nam^a2200000^a^4500 | ||
|---|---|---|---|
| 001 | 000146431 | ||
| 005 | 20250521000000.0 | ||
| 009 | 20260310095911.604 | ||
| 037 | |a Acervo ITESO - Biblioteca | ||
| 041 | |a ESP | ||
| 082 | |a 868. |b NAC MEM 1998 | ||
| 110 | |a El Colegio Nacional | ||
| 240 | 1 | 1 | |a [Memoria de El Colegio Nacional] |
| 245 | 1 | 0 | |a Memoria de El Colegio Nacional : |b 1998 / |c El Colegio Nacional. |
| 264 | 4 | |a México : |b El Colegio Nacional, |c 1998, c1998 | |
| 300 | |a 586 p. | ||
| 336 | |a texto |b txt |2 rdacontenido | ||
| 337 | |a sin mediación |b n |2 rdamedio | ||
| 338 | |a volumen |b nc |2 rdasoporte | ||
| 649 | |a XX | ||
| 650 | |a El Colegio Nacional - |x Memorias - |x Tema Principal |z México - | ||
| 650 | |a El Colegio Nacional - |x Historia - |y 1994-2000 |z México - | ||
| 650 | |a Música Mexicana - |y Siglo XX | ||
| 650 | |a Música - |x Teoría | ||
| 650 | |a Identidad Nacional - |z México | ||
| 650 | |a Diversidad Cultural - |z México | ||
| 650 | |a Educación y Desarrollo | ||
| 650 | |a Inundaciones - |z México (Ciudad) | ||
| 650 | |a Terremoto, 1985 | ||
| 650 | |a Tecnología y Sociedad | ||
| 650 | |a Arquitectura y Sociedad - |z México | ||
| 650 | |a Arquitectura Moderna | ||
| 650 | |a Oposición Política - |z México - |x Aspectos Jurídicos | ||
| 650 | |a Economía - |z México - |x Historia - |y 1990-1999 | ||
| 650 | |a Bacterias | ||
| 650 | |a Microorganismos | ||
| 650 | |a Salud | ||
| 650 | |a Medicina Experimental - |z México | ||
| 650 | |a Matemáticas - |x Estudio y Enseñanza | ||
| 650 | |a Arqueología - |z México - |x Historia - |y 1990-1999 | ||
| 650 | |a Archivo General de la Nación - |z México | ||
| 650 | |a Liderazgo | ||
| 650 | |a Lavista, Mario | ||
| 650 | |a León-Portilla, Miguel | ||
| 650 | |a Poe, Edgar Allan | ||
| 650 | |a González Martínez, Enrique | ||
| 650 | |a Kierkegaard, Sören | ||
| 910 | |a Fondo General | ||
| 920 | |a Impresos - Libros | ||
| 930 | |a Colección General | ||
| 940 | |a Literatura | ||
| 905 | |a 101 | ||
| 901 | |a 0500075603 |b IT1 |c LIT |u 20250521 | ||
| 902 | |a https://opac.biblio.iteso.mx/vufind/Record/000146431 | ||